Slovenský poisťovací trh v roku 2017
Vybrané ukazovatele trhu za rok 2017. Porovnanie výsledkov 4Q 2016 a 4Q 2017. Hospodársky výsledok pred zdanením a po zdanení. Predpísané poistné. Náklady na poistné plnenia - životné a neživotné poistenie. Riziká v poisťovacom sektore. Novozavedená daň z poistenia vo výške 8 percent.
Na minha lista:
| Autor principal: | |
|---|---|
| Outros Autores: | |
| Formato: | Capítulo de Livro |
| Idioma: | eslovaco |
| Assuntos: | |
| Tags: |
Sem tags, seja o primeiro a adicionar uma tag!
|
MARC
| LEADER | 00000naa a2200000 4500 | ||
|---|---|---|---|
| 001 | 0247486 | ||
| 005 | 20211005125028.9 | ||
| 041 | 0 | |a slo | |
| 044 | |a SK | ||
| 245 | 1 | 0 | |a Slovenský poisťovací trh v roku 2017 |c Jozefína Žáková, Jozef Bachniček |
| 520 | |a Vybrané ukazovatele trhu za rok 2017. Porovnanie výsledkov 4Q 2016 a 4Q 2017. Hospodársky výsledok pred zdanením a po zdanení. Predpísané poistné. Náklady na poistné plnenia - životné a neživotné poistenie. Riziká v poisťovacom sektore. Novozavedená daň z poistenia vo výške 8 percent. | ||
| 610 | 2 | 0 | |a poisťovníctvo |
| 610 | 2 | 0 | |a poisťovne |
| 610 | 2 | 0 | |a poistenie životné |
| 610 | 2 | 0 | |a poistenie neživotné |
| 610 | 2 | 0 | |a výsledok hospodársky |
| 610 | 2 | 0 | |a riziko |
| 610 | 2 | 0 | |a dane z príjmov |
| 610 | 2 | 0 | |a štatistika |
| 610 | 2 | 0 | |a Slovensko |
| 100 | 1 | |a Žáková, Jozefína | |
| 700 | 1 | |a Bachniček, Jozef | |